000 00499nam a2200169 a 4500
001 000042823
005 20201002040425.0
008 140210s1985 sp 001 0 spa d
020 _a9684930461
040 _aDO-SdBNP
_bspa
_cBNPHU
100 1 _aBuendía, Manuel
_d1926-1984
_970186
245 1 3 _aLa CIA en México /
_cManuel Buendía.
250 _a8a. ed.
260 _aMéxico :
_bEdiciones Océano : Fundación Manuel Buendía,
_c1985.
300 _a234 p. ;
_c23 cm.
500 _aIncluye índice
999 _c42312
_d42312